'99 Luftballons' (Original German) Lyrics Quiz - Statistics

General Stats
  • This quiz has been taken 131 times
  • The average score is 123 of 190
Answer Stats
Answer % Correct
neunundneunzig
100%
Neunundneunzig
100%
Luftballon
99%
Luftballons
99%
'n
92%
du
91%
ich
88%
für
86%
ein
85%
dich
84%
mich?
81%
Hast
80%
zu
80%
Horizont
79%
Von
79%
von
79%
Lied
78%
singe
78%
Auf
77%
auf
77%
das
77%
Das
77%
Und,
77%
Und
77%
und
77%
zum
77%
Weg
76%
Dann
75%
ihrem
75%
Zeit
75%
etwas
74%
an
72%
"Krieg"
72%
Krieg
72%
'Ne
72%
General
71%
so
71%
war
68%
kommt
67%
fliegen
66%
was
66%
Denk'
65%
man
65%
aus
64%
Denkst
63%
dem
62%
Düsenflieger
62%
vielleicht
62%
All
60%
nicht
60%
Die
59%
die
59%
grad
58%
Hielt
58%
UFOs
58%
Jahre
57%
keine
57%
lass'
57%
am
56%
hinterher
56%
Kriegsminister
56%
schickte
56%
sich
56%
auch
55%
Darum
54%
Dass
54%
gibt's
54%
mehr
54%
Hab
53%
Krieger
53%
es
52%
Fliegerstaffel
52%
Jeder
52%
Nur
52%
Dabei
51%
Alarm
48%
grosser
48%
Heute
48%
Hielten
48%
ihn
48%
Leute
48%
geben,
47%
Kirk
46%
meine
46%
Captain
45%
fette
45%
gedacht
45%
keinen
45%
Wegen
45%
Benzinkanister
44%
Feuerwerk
44%
gefunden
44%
grosses
44%
schlaue
44%
wäre
44%
in
43%
Platz
43%
Sieger
43%
wenn's
43%
wer
43%
gab
41%
hätte
41%
Mann,
41%
Streichholz
41%
waren
41%
haben
40%
Runden
40%
angemacht
39%
liegen
39%
zieh'
39%
gleich
38%
dort
37%
Ließen
37%
Nachbarn
37%
Welt
37%
Macht
36%
schon
36%
Seh'
36%
Witterten
36%
fühlten
35%
nichts
35%
Trümmern
35%
einmal
32%
gerafft
32%
schoss
32%
soweit
31%
wollten
31%
Riefen
29%
Baute
16%
No matching quizzes found
Score Distribution
Percent of People with Each Score
Percentile by Number Answered
Your Score History
You have not taken this quiz